000 00929cam a2200241 a 4500
001 13910717
005 20250201123632.0
008 050324r20051921nyu b 000 0 eng
020 _a0486443868 (pbk.)
050 0 0 _aKF380
_b.C32 2005
082 0 0 _a347.73/5
_222
100 1 _aCardozo, Benjamin N.
_q(Benjamin Nathan),
_d1870-1938.
245 1 4 _aThe nature of the judicial process /
_cBenjamin N. Cardozo.
260 _aMineola, N.Y. :
_bDover Publications,
_c2005.
300 _a176 p. ;
_c22 cm.
500 _aOriginally published: New Haven : Yale University Press, 1921.
500 _aDelivered in the William L. Storrs lecture series, 1921, before the Law school of Yale university.
650 0 _aJudicial process
_zUnited States.
650 0 _aJudicial process.
650 0 _aLaw
_xPhilosophy.
856 4 2 _3Publisher description
_uhttp://www.loc.gov/catdir/enhancements/fy0624/2005047410-d.html
942 _2lcc
_cBK
_n0
999 _c3348
_d3348